000 00656nam a2200217Ii 4500
003 JO-AjNU
008 230606s9999||||xx |||||||||||||| ||und||
020 _a978-0-631-21317-8
040 _aJO-AjNU
_beng
_erda
_cJO-AjNU
041 _aeng
050 1 4 _aPR1222.R653 2008
100 3 _aEdited by: O'Neill,Michael , Charles Mahoney,
_eauthor
_92142
245 0 0 _aRomantic Poetry An Annotated Anthology
250 _a1 ed
264 3 1 _aUSA: Blackwell Publishing, 2008
300 _a471P
336 _atext
_btxt
_2rdacontent
337 _aunmediated
_bn
_2rdamedia
338 _avolume
_bnc
_2rdacarrier
650 4 _aEnglish Poetry - 19th Century
_92143
999 _aE1124
_c1124
_d1124